The first collier / (Record no. 45558)
[ view plain ]
| 000 -LEADER | |
|---|---|
| fixed length control field | 01561cam a2200457Ia 4500 |
| 003 - CONTROL NUMBER IDENTIFIER | |
| control field | OCoLC |
| 005 - DATE AND TIME OF LATEST TRANSACTION | |
| control field | 20241220120347.0 |
| 008 - FIXED-LENGTH DATA ELEMENTS--GENERAL INFORMATION | |
| fixed length control field | 060307s2006 nyuab c 000 1 eng d |
| 001 - CONTROL NUMBER | |
| control field | ocm64556491 |
| 020 ## - INTERNATIONAL STANDARD BOOK NUMBER | |
| International Standard Book Number | 0439795680 (pbk.) |
| 020 ## - INTERNATIONAL STANDARD BOOK NUMBER | |
| International Standard Book Number | 9780439795685 (pbk.) |
| 020 ## - INTERNATIONAL STANDARD BOOK NUMBER | |
| International Standard Book Number | 141564523X (BWI bdg.) |
| 020 ## - INTERNATIONAL STANDARD BOOK NUMBER | |
| International Standard Book Number | 9781415645239 (BWI bdg.) |
| 035 ## - SYSTEM CONTROL NUMBER | |
| System control number | (Sirsi) i9780439795685 |
| 035 ## - SYSTEM CONTROL NUMBER | |
| System control number | (OCoLC)64556491 |
| 040 ## - CATALOGING SOURCE | |
| Original cataloging agency | BKX |
| Transcribing agency | BKX |
| Modifying agency | BAKER |
| -- | VP@ |
| -- | BTCTA |
| -- | UINTA |
| 049 ## - LOCAL HOLDINGS (OCLC) | |
| Holding library | UCLB |
| 050 #4 - LIBRARY OF CONGRESS CALL NUMBER | |
| Classification number | PZ7.L3274 |
| Item number | Fir 2006 |
| 082 04 - DEWEY DECIMAL CLASSIFICATION NUMBER | |
| Classification number | [Fic] |
| Edition number | 22 |
| 092 ## - LOCALLY ASSIGNED DEWEY CALL NUMBER (OCLC) | |
| Classification number | LASKY |
| 100 1# - MAIN ENTRY--PERSONAL NAME | |
| Personal name | Lasky, Kathryn. |
| 9 (RLIN) | 11517 |
| 245 14 - TITLE STATEMENT | |
| Title | The first collier / |
| Statement of responsibility, etc | by Kathryn Lasky. |
| 260 ## - PUBLICATION, DISTRIBUTION, ETC. (IMPRINT) | |
| Place of publication, distribution, etc | New York : |
| Name of publisher, distributor, etc | Scholastic, |
| Date of publication, distribution, etc | c2006. |
| 300 ## - PHYSICAL DESCRIPTION | |
| Extent | 179 p. : |
| Other physical details | ill., maps ; |
| Dimensions | 20 cm. |
| 490 1# - SERIES STATEMENT | |
| Series statement | Guardians of Ga'hoole ; |
| Volume number/sequential designation | bk. 9 |
| 521 0# - TARGET AUDIENCE NOTE | |
| Target audience note | 4. |
| 521 1# - TARGET AUDIENCE NOTE | |
| Target audience note | 008-012. |
| 520 ## - SUMMARY, ETC. | |
| Summary, etc | Soren and Coryn read the ancient legends of Ga'Hoole in order to find a way to prevent the victory of evil in their present world. |
| 650 #0 - SUBJECT ADDED ENTRY--TOPICAL TERM | |
| Topical term or geographic name as entry element | Owls |
| Form subdivision | Juvenile fiction. |
| 9 (RLIN) | 5702979 |
| 650 #0 - SUBJECT ADDED ENTRY--TOPICAL TERM | |
| Topical term or geographic name as entry element | Legends |
| Form subdivision | Juvenile fiction. |
| 9 (RLIN) | 5746014 |
| 650 #0 - SUBJECT ADDED ENTRY--TOPICAL TERM | |
| Topical term or geographic name as entry element | Good and evil |
| Form subdivision | Juvenile fiction. |
| 9 (RLIN) | 5674232 |
| 650 #0 - SUBJECT ADDED ENTRY--TOPICAL TERM | |
| Topical term or geographic name as entry element | Folklore |
| Form subdivision | Juvenile fiction. |
| 9 (RLIN) | 5700126 |
| 650 #1 - SUBJECT ADDED ENTRY--TOPICAL TERM | |
| Topical term or geographic name as entry element | Fantasy |
| Form subdivision | Fiction. |
| 9 (RLIN) | 5674572 |
| 655 #0 - INDEX TERM--GENRE/FORM | |
| Genre/form data or focus term | Fantasy fiction. |
| 9 (RLIN) | 6171094 |
| 800 1# - SERIES ADDED ENTRY--PERSONAL NAME | |
| Personal name | Lasky, Kathryn. |
| Title of a work | Guardians of Ga'Hoole ; |
| Volume/sequential designation | bk. 9. |
| 9 (RLIN) | 70773 |
| 938 ## - | |
| -- | Baker & Taylor |
| -- | BKTY |
| -- | 4.99 |
| -- | 3.99 |
| -- | 0439795680 |
| -- | 0006593926 |
| -- | active |
| 938 ## - | |
| -- | Baker and Taylor |
| -- | BTCP |
| -- | bl2005024249 |
| 942 ## - ADDED ENTRY ELEMENTS (KOHA) | |
| Koha item type | BOOK |
| 994 ## - | |
| -- | C0 |
| -- | UINTA |
| 998 ## - LOCAL CONTROL INFORMATION (RLIN) | |
| -- | a100301 |
| Withdrawn status | Lost status | Source of classification or shelving scheme | Damaged status | Not for loan | Collection code | Home library | Current library | Shelving location | Date acquired | Source of acquisition | Cost, normal purchase price | Total Checkouts | Total Renewals | Full call number | Barcode | Date last seen | Date checked out | Cost, replacement price | Price effective from | Koha item type |
|---|---|---|---|---|---|---|---|---|---|---|---|---|---|---|---|---|---|---|---|---|
| Dewey Decimal Classification | Junior Fiction | Wasatch County Library | Wasatch County Library | Main Floor Junior Area | 11/10/2014 | Amazon | 13.63 | 11 | 2 | J Lasky | 34301001197088 | 02/23/2024 | 08/15/2023 | 13.63 | 03/20/2020 | BOOK |
